Les Mis-tching Quiz Stats

 Plays Quiz not verified by Sporcle

Challenge
Share
Tweet
Embed
Score 0/35 Timer 10:00
0 Plays Today
% Correct
Hugh Jackman
89.2%
Anne Hathaway
89.2%
Helena Bonham Carter
89%
Russell Crowe
88.3%
Sacha Baron Cohen
87.2%
Amanda Seyfried
86.8%
Samantha Barks
85.8%
Eddie Redmayne
85%
Aaron Tveit
77.6%
Colm Wilkinson
75.7%
Lea Salonga
72%
Alfie Boe
66.6%
Michael Ball
65%
Matt Lucas
56.8%
Ramin Karimloo
56.6%
Katie Hall
54.8%
Frances Ruffelle
54.2%
Jenny Galloway
51.4%
% Correct
Norm Lewis
50.7%
Phillip Quast
49.3%
Ruthie Henshall
47%
Patti LuPone
46.6%
Alun Armstrong
43.8%
Hadley Fraser
43.6%
Judy Kuhn
41.9%
Michael Maguire
38.4%
Rebecca Caine
35.6%
Roger Allam
34.2%
Terrence Mann
32.7%
Daphne Rubin-Vega
32%
Celia Keenan-Bolger
30.7%
Anthony Crivello
30%
Alexander Gemignani
27%
Gary Beach
26.9%
Ali Ewoldt
20.2%

You're not logged in!

Compare scores with friends on all Sporcle quizzes.
OR
Log In

You Might Also Like...

Show Comments

Extras

Top Quizzes Today


Score Distribution

Your Account Isn't Verified!

In order to create a playlist on Sporcle, you need to verify the email address you used during registration. Go to your Sporcle Settings to finish the process.

Report this User

Report this user for behavior that violates our Community Guidelines.

Details: